000 00209nam a2200097Ia 4500
008 190216s9999||||xx |||||||||||||| ||und||
100 _aBasheer
245 0 _aOormayude Arakal
260 _bPappiyon
942 _cBK
999 _c26167
_d26167